| 000 | 00552nam a2200157 i 4500 | ||
|---|---|---|---|
| 001 | 35862 | ||
| 003 | ES-MaACL | ||
| 007 | t| | ||
| 008 | 030214s1922 fr ||||1| fre d | ||
| 100 | 1 |
_aBouniatian, Mentor. _930936 |
|
| 245 | 1 | 4 |
_aLes crises economiques _b: essai de morphologie et theorie des crises economiques periodiques / _cpar Mentor Bouniatian ; traduction del russe par J. Bernard. |
| 260 |
_aParĂs : _b[s.n., _c1922] ( _eLaval : _fBarmoud) |
||
| 300 |
_aXVII, 388 p. ; _c23 cm. |
||
| 700 | 1 |
_aBernard, J. _928240 |
|
| 852 |
_aES-MaACL _jB-5966 |
||
| 999 |
_c35862 _d35862 |
||